[Event "GER CupT"]
[Site "Germany"]
[Date "2023.01.29"]
[Round "2.2"]
[White "Hein, Carsten"]
[Black "Polzin, Rainer"]
[Result "0-1"]
[WhiteElo "2148"]
[BlackElo "2398"]
[PlyCount "98"]
[EventDate "2023.01.28"]
[EventType "team-k.o."]
[EventRounds "4"]
[EventCountry "GER"]
[SourceTitle "EXT 2024"]
[Source "ChessBase"]
[SourceDate "2023.10.10"]
[SourceVersion "1"]
[SourceVersionDate "2023.10.10"]
[SourceQuality "1"]
[WhiteTeam "Potsdam Mitte"]
[BlackTeam "Berlin SF"]
[WhiteTeamCountry "GER"]
[BlackTeamCountry "GER"]

1. Nf3 Nf6 2. g3 g6 3. Bg2 Bg7 4. 0-0 0-0 5. c4 d6 6. Nc3 e5 7. d3 c6 8. Bg5 h6 9. Bd2 Re8 10. Qc1 Kh7 11. e4 Na6 12. a3 Nc7 13. Re1 Bg4 14. h3 Bxf3 15. Bxf3 Qd7 16. Bg2 d5 17. exd5 cxd5 18. cxd5 Nfxd5 19. Nxd5 Nxd5 20. Qc5 Nb6 21. Bc3 Na4 22. Qd5 Qxd5 23. Bxd5 Re7 24. Rab1 Rd8 25. Bb4 Red7 26. Bc4 Nb6 27. Ba5 Nxc4 28. dxc4 b6 29. Bc3 f6 30. Rbc1 Bf8 31. a4 a5 32. Kf1 Bc5 33. Ke2 g5 34. g4 Kg6 35. Red1 Rxd1 36. Rxd1 Rxd1 37. Kxd1 Bxf2 38. b4 axb4 39. Bxb4 f5 40. Ke2 Bg1 41. a5 bxa5 42. Bxa5 Bc5 43. Bd2 h5 44. gxf5+ Kxf5 45. Be3 Bxe3 46. Kxe3 g4 47. hxg4+ hxg4 48. c5 Ke6 49. Ke4 Kd7 0-1

[Event "GER Cup Net V4 U2400"]
[Site "Playchess.com INT"]
[Date "2020.05.31"]
[Round "7"]
[White "Hein, Carsten"]
[Black "Lohvinov, Petro"]
[Result "0-1"]
[WhiteElo "1825"]
[BlackElo "1796"]
[PlyCount "102"]
[EventDate "2020.05.31"]
[EventType "swiss (blitz)"]
[EventRounds "9"]
[EventCountry "GER"]
[SourceTitle "EXT 2021"]
[Source "ChessBase"]
[SourceDate "2020.10.23"]
[SourceVersion "1"]
[SourceVersionDate "2020.10.23"]
[SourceQuality "1"]

1. d4 Nf6 2. Nf3 e6 3. Bf4 Be7 4. e3 b6 5. Bd3 Bb7 6. 0-0 0-0 7. c3 d6 8. Nbd2 Nbd7 9. Qc2 Re8 10. e4 Bf8 11. e5 dxe5 12. dxe5 Nd5 13. Bg5 Be7 14. Bxh7+ Kh8 15. Bxe7 Qxe7 16. Be4 Nc5 17. Rfe1 Nxe4 18. Nxe4 g6 19. Ng3 Kg7 20. Qe4 c5 21. Qc2 Nf4 22. Ne4 Rad8 23. Rad1 Rxd1 24. Rxd1 Rd8 25. Nd6 Bxf3 26. Re1 Bxg2 27. Qd2 Qg5 28. f3 Bxf3+ 29. Kf2 Qg2+ 30. Ke3 Nd5+ 31. Kd3 Qxd2+ 32. Kxd2 f6 33. c4 fxe5 34. cxd5 Rxd6 35. Ke3 Bxd5 36. Kf2 Bxa2 37. Rxe5 Bd5 38. h4 b5 39. Ke3 b4 40. Rg5 a5 41. Rg1 a4 42. Ra1 Ra6 43. Kf4 a3 44. bxa3 bxa3 45. Ke5 a2 46. h5 gxh5 47. Rg1+ Kf7 48. Rf1+ Ke7 49. Ra1 Rb6 50. Rg1 Rb1 51. Rg7+ Kf8 0-1

[Event "GER Cup Net V2 U2400"]
[Site "Playchess.com INT"]
[Date "2020.05.22"]
[Round "9"]
[White "Marcziter, Dmitrii"]
[Black "Hein, Carsten"]
[Result "1-0"]
[WhiteElo "2034"]
[BlackElo "1798"]
[PlyCount "129"]
[EventDate "2020.05.22"]
[EventType "swiss (blitz)"]
[EventRounds "9"]
[EventCountry "GER"]
[SourceTitle "EXT 2021"]
[Source "ChessBase"]
[SourceDate "2020.10.23"]
[SourceVersion "1"]
[SourceVersionDate "2020.10.23"]
[SourceQuality "1"]

1. e4 c5 2. d4 cxd4 3. c3 d3 4. c4 Nc6 5. Bxd3 Nf6 6. Nc3 d6 7. h3 e6 8. Nf3 Be7 9. 0-0 0-0 10. b3 b6 11. Bb2 Bb7 12. Qe2 Qb8 13. Rad1 a6 14. Rfe1 Nd7 15. Bb1 Re8 16. Nd4 Nxd4 17. Rxd4 Nc5 18. Red1 Bc6 19. Qg4 e5 20. R4d2 Ne6 21. Nd5 Bxd5 22. exd5 Nf8 23. f4 Bf6 24. fxe5 Bxe5 25. Bxe5 Rxe5 26. Rf2 Qe8 27. Rdf1 Ra7 28. Bf5 Rae7 29. Bd3 Re1 30. Qf4 Rxf1+ 31. Bxf1 Qd8 32. Kh2 Ng6 33. Qf5 Ne5 34. Be2 Qd7 35. Qxd7 Rxd7 36. Rf4 Rc7 37. Re4 f6 38. g4 h6 39. h4 g5 40. Kg3 Kg7 41. Bf1 a5 42. Re2 Ra7 43. Bg2 a4 44. Be4 axb3 45. axb3 Ra3 46. Re3 Nxc4 47. Rc3 b5 48. Bd3 Ne5 49. Bxb5 f5 50. gxf5 Kf6 51. hxg5+ hxg5 52. Bd3 Nxd3 53. Rxd3 Kxf5 54. Kf3 Ra5 55. b4 Rb5 56. Rb3 Ke5 57. Kg4 Kxd5 58. Rd3+ Kc6 59. Rd4 Rd5 60. Rc4+ Kb5 61. Re4 Re5 62. Rd4 d5 63. Kf3 Re4 64. Rxd5+ Kxb4 65. Kxe4 1-0

[Event "Oberliga Nord O 1617"]
[Site "Germany"]
[Date "2017.05.07"]
[Round "9.3"]
[White "Hein, Carsten"]
[Black "Muench, Robert"]
[Result "1-0"]
[WhiteElo "2222"]
[BlackElo "1972"]
[PlyCount "75"]
[EventDate "2016.10.16"]
[EventType "team-tourn"]
[EventRounds "9"]
[EventCountry "GER"]
[SourceTitle "EXT 2018"]
[Source "ChessBase"]
[SourceDate "2017.10.13"]
[SourceVersion "1"]
[SourceVersionDate "2017.10.13"]
[SourceQuality "1"]
[WhiteTeam "Potsdam Empor"]
[BlackTeam "Guestrow/Teterow"]
[WhiteTeamCountry "GER"]
[BlackTeamCountry "GER"]

1. d4 d5 2. Nf3 c6 3. g3 Nf6 4. Bg2 Bf5 5. 0-0 Qc8 6. Re1 g6 7. c4 Bg7 8. Nc3 0-0 9. Bf4 dxc4 10. Ne5 Nh5 11. Be3 Be6 12. Qa4 Na6 13. f4 Nc7 14. Bf2 f6 15. Nf3 Nd5 16. e3 b5 17. Qa5 Qd8 18. Qxd8 Rfxd8 19. a3 Bf7 20. Nxd5 cxd5 21. g4 Nxf4 22. exf4 e6 23. g5 a5 24. gxf6 Bxf6 25. Ne5 Re8 26. h3 Bxe5 27. Rxe5 b4 28. Be1 Rab8 29. Re2 Rec8 30. axb4 axb4 31. Rxe6 c3 32. bxc3 bxc3 33. Re2 Rc4 34. Bf2 Rb3 35. Rc1 g5 36. fxg5 Bh5 37. Ree1 Bf3 38. Re3 1-0

[Event "Oberliga Nord O 1617"]
[Site "Germany"]
[Date "2016.10.16"]
[Round "1.3"]
[White "Niehaus, Frank"]
[Black "Hein, Carsten"]
[Result "1/2-1/2"]
[WhiteElo "2220"]
[BlackElo "2219"]
[PlyCount "58"]
[EventDate "2016.10.16"]
[EventType "team-tourn"]
[EventRounds "9"]
[EventCountry "GER"]
[SourceTitle "EXT 2018"]
[Source "ChessBase"]
[SourceDate "2017.10.13"]
[SourceVersion "1"]
[SourceVersionDate "2017.10.13"]
[SourceQuality "1"]
[WhiteTeam "Koenig Tegel"]
[BlackTeam "Potsdam Empor"]
[WhiteTeamCountry "GER"]
[BlackTeamCountry "GER"]

1. e4 c5 2. Nf3 Nc6 3. d4 cxd4 4. Nxd4 Nf6 5. Nc3 e5 6. Ndb5 d6 7. Bg5 a6 8. Na3 b5 9. Bxf6 gxf6 10. Nd5 f5 11. exf5 Bxf5 12. c3 Bg7 13. Nc2 0-0 14. Nce3 Be6 15. Bd3 f5 16. Bc2 Ra7 17. Qh5 Qc8 18. g4 Nd4 19. cxd4 exd4 20. 0-0 dxe3 21. Nxe3 Bxb2 22. Rab1 f4 23. Rxb2 fxe3 24. Bb3 Bxb3 25. axb3 Rg7 26. h3 Qe6 27. Re2 Rf3 28. fxe3 Rxe3 29. Rff2 Rg6 1/2-1/2

[Event "Oberliga Nord O 1516"]
[Site "Germany"]
[Date "2016.01.31"]
[Round "6.2"]
[White "Hein, Carsten"]
[Black "Nogly, Christoph"]
[Result "0-1"]
[WhiteElo "2219"]
[BlackElo "2250"]
[PlyCount "88"]
[EventDate "2015.09.20"]
[EventType "team-tourn"]
[EventRounds "9"]
[EventCountry "GER"]
[SourceTitle "EXT 2017"]
[Source "ChessBase"]
[SourceDate "2016.10.25"]
[SourceVersion "1"]
[SourceVersionDate "2016.10.25"]
[SourceQuality "1"]
[WhiteTeam "Potsdam Empor"]
[BlackTeam "Berlin SF"]
[WhiteTeamCountry "GER"]
[BlackTeamCountry "GER"]

1. d4 Nf6 2. Nf3 d5 3. Bf4 c5 4. e3 Nc6 5. c3 e6 6. Nbd2 Bd6 7. Bg3 0-0 8. Bd3 b6 9. Ne5 Bb7 10. f4 Ne7 11. Qf3 Nf5 12. Bf2 Be7 13. Qh3 Nd6 14. Rd1 c4 15. Bb1 b5 16. Bh4 Nfe4 17. Bxe7 Qxe7 18. 0-0 f6 19. Nef3 a5 20. a3 Bc6 21. Nxe4 dxe4 22. Ne1 Bd5 23. Nc2 f5 24. Qg3 Rf6 25. Qe1 Kh8 26. Rd2 Rg8 27. h4 Rg6 28. Kh2 Rh6 29. g3 g5 30. fxg5 Qxg5 31. Rf4 Ne8 32. Rg2 Nf6 33. Kg1 Qg7 34. Qf2 Rg6 35. Kh2 Nh5 36. Ne1 Rxg3 37. Bc2 Rxg2+ 38. Nxg2 Nxf4 39. Nxf4 Qg4 40. Nh3 Qf3 41. h5 Qxf2+ 42. Nxf2 f4 43. Nxe4 fxe3 44. Ng3 e2 0-1

[Event "Oberliga Nord O 1213"]
[Site "Germany"]
[Date "2012.12.09"]
[Round "4.5"]
[White "Hein, Carsten"]
[Black "Parashchenko, Oleg"]
[Result "1-0"]
[WhiteElo "2228"]
[BlackElo "2132"]
[PlyCount "109"]
[EventDate "2012.10.17"]
[EventType "team-tourn"]
[EventRounds "9"]
[EventCountry "GER"]
[SourceTitle "EXT 2015"]
[Source "ChessBase"]
[SourceDate "2014.11.20"]
[SourceVersion "1"]
[SourceVersionDate "2014.11.20"]
[SourceQuality "1"]
[WhiteTeam "Potsdam Empor"]
[BlackTeam "Greifswald"]
[WhiteTeamCountry "GER"]
[BlackTeamCountry "GER"]

1. Nf3 d5 2. g3 c5 3. Bg2 Nc6 4. d4 e6 5. c3 Be7 6. dxc5 Bxc5 7. 0-0 Nf6 8. Bg5 h6 9. Bxf6 Qxf6 10. Nbd2 0-0 11. e4 Bb6 12. Qe2 Bd7 13. Rad1 Rfd8 14. Rfe1 Be8 15. exd5 Rxd5 16. Ne4 Qd8 17. b4 a5 18. b5 Ne7 19. c4 Rxd1 20. Rxd1 Qc7 21. a4 Rc8 22. Nd6 Rd8 23. Nxe8 Rxe8 24. Ne5 f6 25. Nd7 Nc8 26. c5 Bxc5 27. Qh5 Rd8 28. Nxf6+ gxf6 29. Qg6+ Kf8 30. Qxf6+ Ke8 31. Qxe6+ Kf8 32. Qxh6+ Ke8 33. Qh5+ Ke7 34. Qh7+ Ke8 35. Qxc7 Rxd1+ 36. Bf1 b6 37. Qxc8+ Ke7 38. Qb7+ Rd7 39. Qf3 Rd4 40. Qb3 Rd2 41. Bh3 Bxf2+ 42. Kf1 Bc5 43. Qe6+ Kd8 44. Qf6+ Kc7 45. Qf4+ Rd6 46. g4 Kd8 47. g5 Ke7 48. Qe4+ Kf8 49. Be6 Rd1+ 50. Ke2 Rg1 51. Qf5+ Ke7 52. Qf7+ Kd6 53. Qd7+ Ke5 54. Qd5+ Kf4 55. Qf5# 1-0

[Event "Berlin Lichtenrade op 07th"]
[Site "Berlin"]
[Date "2011.10.13"]
[Round "6"]
[White "Hein, Carsten"]
[Black "Hoffmann, Peter1111"]
[Result "1-0"]
[WhiteElo "2178"]
[BlackElo "2035"]
[PlyCount "91"]
[EventDate "2011.10.08"]
[EventType "swiss"]
[EventRounds "9"]
[EventCountry "GER"]
[SourceTitle "CBM 144 Extra"]
[Source "ChessBase"]
[SourceDate "2011.10.28"]
[SourceVersion "1"]
[SourceVersionDate "2011.10.28"]
[SourceQuality "1"]

1. Nf3 Nf6 2. g3 g6 3. Bg2 Bg7 4. 0-0 0-0 5. c4 d5 6. d4 dxc4 7. Na3 Nc6 8. Nxc4 Be6 9. b3 Qc8 10. Bb2 Rd8 11. e3 Bd5 12. Qe2 Qe6 13. Rac1 Ne4 14. Rfd1 a5 15. a4 h6 16. Qf1 f5 17. Nfd2 Nf6 18. Bxd5 Nxd5 19. Nf3 Nf6 20. Nfe5 Nxe5 21. Nxe5 Nd5 22. Nd3 b6 23. Re1 Rac8 24. Ba3 Kh7 25. Rc4 Bf6 26. Nf4 Qf7 27. Nxd5 Qxd5 28. Rec1 c6 29. Qg2 c5 30. Qxd5 Rxd5 31. dxc5 Rd3 32. Rb1 bxc5 33. Rxc5 Rxc5 34. Bxc5 e5 35. b4 Bd8 36. b5 Rc3 37. Ba7 Rc7 38. Bb6 Rc8 39. Bxd8 Rxd8 40. b6 Rb8 41. Kf1 Kg7 42. Ke2 Kf6 43. Kd3 Ke6 44. Kc4 Kd6 45. Kb5 e4 46. Kxa5 1-0

[Event "Berlin Lichtenberger op 10th"]
[Site "Berlin"]
[Date "2011.08.14"]
[Round "3"]
[White "Hein, Carsten"]
[Black "Perestjuk, Marko"]
[Result "1-0"]
[WhiteElo "2182"]
[BlackElo "1964"]
[PlyCount "95"]
[EventDate "2011.08.13"]
[EventType "swiss"]
[EventRounds "9"]
[EventCountry "GER"]
[SourceTitle "CBM 143 Extra"]
[Source "ChessBase"]
[SourceDate "2011.08.29"]
[SourceVersion "1"]
[SourceVersionDate "2011.08.29"]
[SourceQuality "1"]

1. e4 c5 2. Nf3 d6 3. c3 Nf6 4. Be2 g6 5. 0-0 Bg7 6. d3 0-0 7. Nbd2 Nbd7 8. Re1 a6 9. a4 b6 10. Bf1 Bb7 11. Qb3 Qc7 12. Nc4 d5 13. exd5 Bxd5 14. Rxe7 Rfe8 15. Rxe8+ Rxe8 16. Qd1 Ng4 17. g3 b5 18. axb5 axb5 19. Bf4 Qc6 20. Ncd2 Nge5 21. Bxe5 Nxe5 22. Nxe5 Bxe5 23. Rc1 c4 24. dxc4 bxc4 25. Ra1 Bd6 26. Qa4 Qxa4 27. Rxa4 Re1 28. Nxc4 Bc5 29. Ne3 Bf3 30. b4 Be7 31. Ra2 Kg7 32. h4 Be4 33. Kh2 Rc1 34. Bg2 Bxg2 35. Kxg2 Bf6 36. c4 Bd4 37. Nc2 Be5 38. c5 Kf6 39. b5 Ke6 40. c6 Kd6 41. Nb4 Rb1 42. Na6 Rc1 43. Rd2+ Ke6 44. Re2 Kd5 45. Rxe5+ Kxe5 46. c7 Kd6 47. b6 Kd7 48. b7 1-0

[Event "Potsdam Christmas 35th"]
[Site "Potsdam"]
[Date "2010.12.28"]
[Round "3.12"]
[White "Petrykowski, Reinhardt"]
[Black "Hein, Carsten"]
[Result "0-1"]
[WhiteElo "1913"]
[BlackElo "2171"]
[PlyCount "72"]
[EventDate "2010.12.27"]
[EventType "swiss"]
[EventRounds "7"]
[EventCountry "GER"]
[SourceTitle "EXT 2022"]
[Source "ChessBase"]
[SourceDate "2021.10.06"]
[SourceVersion "1"]
[SourceVersionDate "2021.10.06"]
[SourceQuality "1"]

1. Nf3 d5 2. e3 Nf6 3. d4 Bg4 4. Be2 Nbd7 5. Nbd2 e6 6. c4 c6 7. h3 Bh5 8. b3 Bd6 9. Bb2 Qb8 10. a4 a5 11. Ba3 Bxa3 12. Rxa3 Qd6 13. c5 Qe7 14. Ra1 0-0 15. Rc1 Ne4 16. Nxe4 dxe4 17. Nd2 Bxe2 18. Qxe2 e5 19. Nxe4 exd4 20. Nd6 Nxc5 21. Nf5 Qe5 22. Nxd4 Rad8 23. Qc4 Ne4 24. 0-0 Nd2 25. Qc2 Nxf1 26. Rxf1 c5 27. Nf3 Qe7 28. Rc1 b6 29. Qc4 Rd6 30. Qb5 Rfd8 31. Rc4 Rd1+ 32. Kh2 Qd6+ 33. g3 Rb1 34. Re4 Rf8 35. Re8 Qd1 36. Rxf8+ Kxf8 0-1

[Event "Berlin Lichtenrade op 06th"]
[Site "Berlin"]
[Date "2010.10.24"]
[Round "9"]
[White "Hein, Carsten"]
[Black "Lerch, Philipp"]
[Result "1-0"]
[WhiteElo "2165"]
[BlackElo "1965"]
[PlyCount "93"]
[EventDate "2010.10.16"]
[EventType "swiss"]
[EventRounds "9"]
[EventCountry "GER"]
[SourceTitle "CBM 138 Extra"]
[Source "ChessBase"]
[SourceDate "2010.10.29"]
[SourceVersion "1"]
[SourceVersionDate "2010.10.29"]
[SourceQuality "1"]

1. c4 Nf6 2. Nc3 g6 3. g3 Bg7 4. Bg2 0-0 5. Nf3 d6 6. d4 Nc6 7. 0-0 Bf5 8. d5 Na5 9. Nd2 c5 10. e4 Bd7 11. Qe2 a6 12. h3 Rb8 13. a4 b5 14. axb5 axb5 15. cxb5 Qb6 16. Re1 Ne8 17. Bf1 Nc7 18. Na4 Qxb5 19. Qxb5 Bxb5 20. Nxc5 Bxf1 21. Kxf1 Rb5 22. Nd3 Rfb8 23. Rd1 Na6 24. Ra4 Nc5 25. Nxc5 dxc5 26. Nc4 Nxc4 27. Rxc4 Bd4 28. Kg2 Rb4 29. Rc2 Bxb2 30. Bxb2 Rxb2 31. Rxc5 Re2 32. Kf3 Rbb2 33. Rf1 Kg7 34. Rc6 h5 35. h4 Rbd2 36. Rc3 Ra2 37. Kf4 Rxf2+ 38. Rxf2 Rxf2+ 39. Ke5 Rd2 40. Rc7 Kf8 41. Rc8+ Kg7 42. Re8 Ra2 43. Rxe7 Ra6 44. Rc7 Rb6 45. d6 Rb5+ 46. Kd4 Rb1 47. e5 1-0

[Event "Berlin Lichtenrade op 06th"]
[Site "Berlin"]
[Date "2010.10.18"]
[Round "3"]
[White "Hein, Carsten"]
[Black "Rabiega, Robert"]
[Result "0-1"]
[WhiteElo "2165"]
[BlackElo "2515"]
[PlyCount "58"]
[EventDate "2010.10.16"]
[EventType "swiss"]
[EventRounds "9"]
[EventCountry "GER"]
[SourceTitle "CBM 138 Extra"]
[Source "ChessBase"]
[SourceDate "2010.10.29"]
[SourceVersion "1"]
[SourceVersionDate "2010.10.29"]
[SourceQuality "1"]

1. Nf3 Nc6 2. d4 d5 3. c4 Bg4 4. Nc3 e6 5. e3 Bb4 6. cxd5 exd5 7. Be2 Nf6 8. Bd2 0-0 9. a3 Bxc3 10. Bxc3 Ne4 11. Rc1 Re8 12. 0-0 a6 13. Nd2 Bxe2 14. Qxe2 Qd7 15. Nxe4 Rxe4 16. b4 Na7 17. f3 Re6 18. Qf2 Nb5 19. Bb2 Rae8 20. Rfe1 c6 21. e4 dxe4 22. fxe4 Rxe4 23. Rxe4 Rxe4 24. d5 cxd5 25. Qg3 d4 26. Rd1 h6 27. a4 Nd6 28. Rc1 Nf5 29. Qb8+ Kh7 0-1